| 000 | 01171nam a22003015a 4500 | ||
|---|---|---|---|
| 003 | OSt | ||
| 005 | 20180117142656.0 | ||
| 008 | 180117s1992 ua frb 000 0 ara d | ||
| 017 | _a1993 / 2390 | ||
| 040 |
_aEG-ScBUE _bara _cEG-ScBUE |
||
| 041 | 1 |
_aara _hund |
|
| 043 | _af------ | ||
| 082 | 0 | 4 |
_a322.2096 _bأ د ي _222 |
| 100 | 1 | _aأديسينا، جيمي. | |
| 245 | 1 | 2 |
_aالحركات العمالية وصنع السياسة في أفريقيا / _cجيمي أديسينا ؛ ترجمة مبارك علي، مصطفى مجدي الجمال. |
| 246 | 3 | 4 | _aLabour movements and policy-making in Africa |
| 260 |
_aالقاهرة : _bمركز البحوث العربية، _c1992. |
||
| 300 |
_a100 ص. ؛ _c20 سم. |
||
| 504 | _aيشتمل على إرجاعات ببليوجرافية. | ||
| 546 | _aالنص باللغة العربية. | ||
| 650 | 7 |
_aالعمل والعمال _zأفريقيا. _2BUEsh |
|
| 650 | 7 |
_aالعمل والعمال _xنشاط سياسي. _2BUEsh |
|
| 651 | _2BUEsh | ||
| 653 |
_bGGEN _cJanuary2018 |
||
| 700 | 1 |
_aعلي، مبارك، _eمترجم. |
|
| 700 | 1 |
_aجمال، مصطفى مجدي، _eمترجم. |
|
| 942 | _2ddc | ||
| 999 |
_c25949 _d25921 |
||